20 Biggest Cities in Germany on a Map - Statistics

General Stats
  • This quiz has been taken 11,654 times
    11,639 since last reset
  • The average score is 15 of 20
Answers on the Map
Answers color-coded by a green-red scale on the quiz's map according to % correct below.
 
Answer Stats
Population City % Correct
3,520,031 Berlin
100%
1,450,381 Munich
99%
1,787,408 Hamburg
98%
732,688 Frankfurt
96%
1,060,582 Cologne
93%
623,738 Stuttgart
88%
612,178 Düsseldorf
87%
543,825 Dresden
86%
557,464 Bremen
83%
560,472 Leipzig
82%
509,975 Nuremberg
82%
586,181 Dortmund
77%
532,163 Hanover
77%
582,624 Essen
74%
318,809 Bonn
68%
333,090 Bielefeld
47%
491,231 Duisburg
46%
310,039 Münster
43%
364,742 Bochum
39%
350,046 Wuppertal
38%
No matching quizzes found
Score Distribution
Percent of People with Each Score
Percentile by Number Answered
Your Score History
You have not taken this quiz since the last reset